00887nam a22002177a 4500999001700000003000900017008004100026040007100067082001900138100001800157245003300175260005500208300002600263505018100289650002200470650002200492650001900514942001600533945002100549952009900570  c16411d16411AR-CdUCM190503b           ||||| |||| 00| 0 spa d  aMUNICIPALIDAD PROVINCIAL DEL CUSCOcBIBLIOTECA MUNICIPAL DEL CUSCO  a338.91 /bAS81  aAshton, T. S.  aLa revolución industrial /  aBuenos Aires :bFondo de cultura economica,c1950.  a178 paginas ;c18 cm.  aContenido: Introducción -- las formas primitivas de la industria -- las innovaciones tecnicas  -- capital y trabajo -- individualismo -- el curso de la evolucion economica...  aRevolución9844  aIndustrial911684  aLiteratura983  2ddccLIBROS  apjhad2019-05-03  002ddc4070aSHbSHcCARTd2019-05-03g30.00o338.91 / AS81pSH0000011515r2019-05-03yLIBROS